[Event "CRO-ch 10th"]
[Site "Otocac"]
[Date "2010.01.26"]
[Round "9.2"]
[White "Zelcic, Robert"]
[Black "Kozul, Zdenko"]
[Result "1-0"]
[WhiteElo "2557"]
[BlackElo "2617"]
[PlyCount "83"]
[EventDate "2010.01.18"]
[EventRounds "11"]
[EventCountry "CRO"]
[EventCategory "13"]
[Source "Mirjana Medic"]
[SourceDate "2010.01.18"]

1. e4 c5 2. Nf3 Nc6 3. d4 cxd4 4. Nxd4 Qb6 5. Nb3 Nf6 6. Nc3 e6 7. Bd3 a6 8.
O-O d6 9. Kh1 Qc7 10. f4 b5 11. Qf3 Bb7 12. Bd2 Be7 13. Rae1 O-O 14. Qh3 Rfd8
15. Ne2 d5 16. e5 Ne4 17. Nc3 Nb4 18. Nxe4 dxe4 19. Bxe4 Bxe4 20. Rxe4 a5 21.
c3 Nd3 22. f5 Bc5 23. Nxc5 Qxc5 24. Be3 Nf2+ 25. Bxf2 Qxf2 26. Ree1 Qxb2 27.
fxe6 fxe6 28. Qxe6+ Kh8 29. Qf7 Qxc3 30. e6 Re8 31. e7 Qc4 32. Re6 Rg8 33. h3
Qc8 34. Re5 Qe8 35. Qd5 b4 36. Qd6 Qb8 37. Qd5 Qe8 38. Rf7 Ra7 39. Rh5 Ra6 40.
Qd3 h6 41. Rf8 Qc6 42. e8=Q 1-0

[Event "CRO-ch 10th"]
[Site "Otocac"]
[Date "2010.01.26"]
[Round "9.3"]
[White "Jankovic, Alojzije"]
[Black "Jovanic, Ognjen"]
[Result "1/2-1/2"]
[WhiteElo "2541"]
[BlackElo "2533"]
[PlyCount "25"]
[EventDate "2010.01.18"]
[EventRounds "11"]
[EventCountry "CRO"]
[EventCategory "13"]
[Source "Mirjana Medic"]
[SourceDate "2010.01.18"]

1. d4 d5 2. Bg5 c6 3. e3 Qb6 4. Qc1 Bf5 5. Nf3 e6 6. Be2 Be7 7. Bxe7 Nxe7 8.
O-O Nd7 9. c4 O-O 10. Nc3 Rfd8 11. c5 Qc7 12. b4 a6 13. a4 1/2-1/2

[Event "CRO-ch 10th"]
[Site "Otocac"]
[Date "2010.01.26"]
[Round "9.4"]
[White "Sulava, Nenad"]
[Black "Brkic, Ante"]
[Result "1-0"]
[WhiteElo "2539"]
[BlackElo "2564"]
[PlyCount "67"]
[EventDate "2010.01.18"]
[EventRounds "11"]
[EventCountry "CRO"]
[EventCategory "13"]
[Source "Mirjana Medic"]
[SourceDate "2010.01.18"]

1. d4 d5 2. c4 e6 3. Nf3 Nf6 4. Nc3 Bb4 5. a3 Bxc3+ 6. bxc3 O-O 7. e3 c5 8. Bb2
Nc6 9. Rc1 Re8 10. Bd3 Na5 11. Nd2 Qc7 12. O-O dxc4 13. Nxc4 Nxc4 14. Bxc4 e5
15. f3 Rd8 16. Qe2 Bd7 17. e4 Ba4 18. Kh1 Qe7 19. f4 exd4 20. e5 Nd5 21. cxd4
cxd4 22. Bxd4 Bc6 23. Qf2 a5 24. Qg3 h6 25. h4 Kh8 26. f5 f6 27. Rce1 Qf8 28.
Bb2 Rd7 29. Bxd5 Bxd5 30. exf6 gxf6 31. Qg6 Rf7 32. Re6 Qg7 33. Rxf6 Bxg2+ 34.
Kxg2 1-0

[Event "CRO-ch 10th"]
[Site "Otocac"]
[Date "2010.01.26"]
[Round "9.5"]
[White "Martinovic, Sasa"]
[Black "Palac, Mladen"]
[Result "1/2-1/2"]
[WhiteElo "2499"]
[BlackElo "2563"]
[PlyCount "93"]
[EventDate "2010.01.18"]
[EventRounds "11"]
[EventCountry "CRO"]
[EventCategory "13"]
[Source "Mirjana Medic"]
[SourceDate "2010.01.18"]

1. d4 Nf6 2. c4 e6 3. Nc3 Bb4 4. g3 O-O 5. Bg2 d5 6. Nf3 dxc4 7. O-O Nc6 8. a3
Be7 9. e4 Na5 10. Be3 c6 11. Qc2 b5 12. Rad1 Bb7 13. h3 a6 14. g4 Qc7 15. g5
Nd7 16. h4 c5 17. d5 Nb6 18. h5 Nb3 19. h6 g6 20. Nh2 exd5 21. Nxd5 Nxd5 22.
exd5 Bd6 23. Ng4 f5 24. Nf6+ Rxf6 25. gxf6 f4 26. Bd2 Qf7 27. Rfe1 Nd4 28. Qe4
Qxf6 29. Bc3 f3 30. Rxd4 cxd4 31. Bxd4 Qf5 32. Qxf5 gxf5 33. Bxf3 Bf8 34. Kh2
Rd8 35. Rg1+ Kf7 36. Rg5 Bxh6 37. Rxf5+ Kg8 38. Rh5 Bf4+ 39. Kg1 h6 40. Be4 Bg5
41. Be3 Bxe3 42. fxe3 Re8 43. Bg2 Rxe3 44. Rxh6 c3 45. bxc3 Rxc3 46. Rb6 Bc8
47. Rc6 1/2-1/2

[Event "CRO-ch 10th"]
[Site "Otocac"]
[Date "2010.01.26"]
[Round "9.6"]
[White "Stevic, Hrvoje"]
[Black "Jovanovic, Zoran"]
[Result "1/2-1/2"]
[WhiteElo "2614"]
[BlackElo "2537"]
[PlyCount "23"]
[EventDate "2010.01.18"]
[EventRounds "11"]
[EventCountry "CRO"]
[EventCategory "13"]
[Source "Mirjana Medic"]
[SourceDate "2010.01.18"]

1. d4 d5 2. c4 dxc4 3. Nf3 Nf6 4. e3 e6 5. Bxc4 a6 6. O-O c5 7. dxc5 Qxd1 8.
Rxd1 Bxc5 9. Nbd2 Nbd7 10. b3 b6 11. Bb2 Bb7 12. Be2 1/2-1/2

[Event "CRO-ch 10th"]
[Site "Otocac"]
[Date "2010.01.27"]
[Round "10.2"]
[White "Palac, Mladen"]
[Black "Stevic, Hrvoje"]
[Result "1/2-1/2"]
[WhiteElo "2563"]
[BlackElo "2614"]
[PlyCount "20"]
[EventDate "2010.01.18"]
[EventRounds "11"]
[EventCountry "CRO"]
[EventCategory "13"]
[Source "Mirjana Medic"]
[SourceDate "2010.01.18"]

1. e4 e5 2. Nf3 Nc6 3. Bc4 Nf6 4. d3 Be7 5. O-O O-O 6. Bb3 d6 7. c3 Na5 8. Bc2
c5 9. Re1 Nc6 10. Nbd2 Re8 1/2-1/2

[Event "CRO-ch 10th"]
[Site "Otocac"]
[Date "2010.01.27"]
[Round "10.3"]
[White "Brkic, Ante"]
[Black "Martinovic, Sasa"]
[Result "1/2-1/2"]
[WhiteElo "2564"]
[BlackElo "2499"]
[PlyCount "72"]
[EventDate "2010.01.18"]
[EventRounds "11"]
[EventCountry "CRO"]
[EventCategory "13"]
[Source "Mirjana Medic"]
[SourceDate "2010.01.18"]

1. Nf3 Nf6 2. g3 g6 3. Bg2 Bg7 4. O-O O-O 5. c4 d5 6. cxd5 Nxd5 7. Nc3 Nc6 8.
d4 Nb6 9. e3 Re8 10. Re1 a5 11. d5 Bxc3 12. bxc3 Qxd5 13. Qc2 Qh5 14. Nh4 Be6
15. e4 Rad8 16. f4 Qb5 17. Qf2 Na4 18. Be3 Qb2 19. Qxb2 Nxb2 20. Nf3 Na4 21.
Rab1 Nxc3 22. Rxb7 Nxa2 23. Bf1 Nab4 24. Rc1 Bg4 25. Nd2 e5 26. Bb5 exf4 27.
Bxf4 Re6 28. Bc4 Re7 29. Bg5 Ne5 30. Bxe7 Rxd2 31. Rf1 Nbc6 32. Bf6 Nxc4 33.
Rfb1 Nd6 34. Rxc7 Nxe4 35. Rxc6 Nxf6 36. Rxf6 Be6 1/2-1/2

[Event "CRO-ch 10th"]
[Site "Otocac"]
[Date "2010.01.27"]
[Round "10.4"]
[White "Jovanic, Ognjen"]
[Black "Sulava, Nenad"]
[Result "0-1"]
[WhiteElo "2533"]
[BlackElo "2539"]
[PlyCount "120"]
[EventDate "2010.01.18"]
[EventRounds "11"]
[EventCountry "CRO"]
[EventCategory "13"]
[Source "Mirjana Medic"]
[SourceDate "2010.01.18"]

1. d4 d5 2. c4 dxc4 3. e4 b5 4. a4 c6 5. axb5 cxb5 6. Nc3 Bd7 7. d5 a6 8. Bf4
e6 9. Nf3 Bb4 10. Be2 Ne7 11. O-O O-O 12. Qd4 exd5 13. exd5 Nf5 14. Qd2 Re8 15.
Ne5 Bd6 16. Nxd7 Nxd7 17. Bg4 Qc7 18. Bg5 Ne7 19. Ne4 Nc5 20. Nxd6 Qxd6 21.
Rad1 Nd3 22. Be2 f6 23. Be3 Rad8 24. Bxd3 cxd3 25. Qxd3 Qxd5 26. Qxd5+ Nxd5 27.
Bd2 Nb6 28. g3 Na4 29. Bc3 Kf7 30. Rc1 Rd3 31. Rfd1 Rxd1+ 32. Rxd1 Rc8 33. Rd6
Nxc3 34. bxc3 Ra8 35. Kf1 a5 36. Rb6 a4 37. Rxb5 a3 38. Rb1 a2 39. Ra1 Ke6 40.
Ke2 Kd5 41. Kd3 g5 42. f4 g4 43. Kc2 Kc4 44. Kb2 f5 45. Kc2 h5 46. Kb2 Ra7 47.
Kc2 Re7 48. Rxa2 Re2+ 49. Kb1 Rxa2 50. Kxa2 Kxc3 51. Ka3 Kd4 52. Kb4 Ke4 53.
Kc4 Kf3 54. Kd4 Kg2 55. Ke5 Kxh2 56. Kxf5 h4 57. gxh4 g3 58. h5 g2 59. h6 g1=Q
60. Kf6 Qg8 0-1

[Event "CRO-ch 10th"]
[Site "Otocac"]
[Date "2010.01.27"]
[Round "10.5"]
[White "Kozul, Zdenko"]
[Black "Jankovic, Alojzije"]
[Result "0-1"]
[WhiteElo "2617"]
[BlackElo "2541"]
[PlyCount "63"]
[EventDate "2010.01.18"]
[EventRounds "11"]
[EventCountry "CRO"]
[EventCategory "13"]
[Source "Mirjana Medic"]
[SourceDate "2010.01.18"]

1. d4 d5 2. c4 dxc4 3. Nf3 a6 4. e3 b5 5. a4 Bb7 6. b3 e6 7. bxc4 bxc4 8. Bxc4
Nf6 9. O-O c5 10. dxc5 Qxd1 11. Rxd1 Bxc5 12. Nfd2 Ke7 13. Nb3 Bb4 14. Bd2 a5
15. Bxb4+ axb4 16. N1d2 Rc8 17. f3 Nd5 18. Bxd5 Bxd5 19. Rdb1 e5 20. Nc1 Rc2
21. Ndb3 Nc6 22. e4 Bc4 23. Nc5 Rd8 24. N1b3 Nd4 25. Na5 Be2 26. Ncb7 Rdc8 27.
Rxb4 Bxf3 28. gxf3 Nxf3+ 29. Kf1 Nxh2+ 30. Kg1 R8c3 31. Rb5 Rg3+ 32. Kh1 0-1

[Event "CRO-ch 10th"]
[Site "Otocac"]
[Date "2010.01.27"]
[Round "10.6"]
[White "Saric, Ivan"]
[Black "Zelcic, Robert"]
[Result "1/2-1/2"]
[WhiteElo "2586"]
[BlackElo "2557"]
[PlyCount "77"]
[EventDate "2010.01.18"]
[EventRounds "11"]
[EventCountry "CRO"]
[EventCategory "13"]
[Source "Mirjana Medic"]
[SourceDate "2010.01.18"]

1. e4 c6 2. d4 d5 3. Nc3 dxe4 4. Nxe4 Bf5 5. Ng3 Bg6 6. h4 h6 7. Nf3 Nd7 8. h5
Bh7 9. Bd3 Bxd3 10. Qxd3 e6 11. Bd2 Ngf6 12. O-O-O Qc7 13. Ne4 O-O-O 14. g3 Be7
15. Qe2 Rhe8 16. Nxf6 Bxf6 17. Bf4 Qa5 18. a3 Qf5 19. Qd3 Qxd3 20. Rxd3 b5 21.
Rhd1 Nb6 22. Ne5 Bxe5 23. dxe5 Rxd3 24. Rxd3 Nd5 25. Bd2 Re7 26. b3 Rd7 27. g4
c5 28. Ba5 b4 29. axb4 cxb4 30. Kb2 Rb7 31. c4 bxc3+ 32. Bxc3 Kd7 33. Rd1 Ke8
34. Ra1 Nxc3 35. Kxc3 Rc7+ 36. Kd3 Rd7+ 37. Kc4 Rc7+ 38. Kd4 Rd7+ 39. Kc4
1/2-1/2

[Event "CRO-ch 10th"]
[Site "Otocac"]
[Date "2010.01.28"]
[Round "11.1"]
[White "Zelcic, Robert"]
[Black "Cvitan, Ognjen"]
[Result "0-1"]
[WhiteElo "2557"]
[BlackElo "2554"]
[PlyCount "78"]
[EventDate "2010.01.18"]
[EventRounds "11"]
[EventCountry "CRO"]
[EventCategory "13"]
[Source "Mirjana Medic"]
[SourceDate "2010.01.18"]

1. e4 c5 2. Nf3 e6 3. d4 cxd4 4. Nxd4 Nf6 5. Nc3 d6 6. Be2 a6 7. O-O Be7 8. f4
Qc7 9. Kh1 O-O 10. a4 Nc6 11. Be3 Re8 12. Bf3 Bd7 13. Nb3 b6 14. Qd2 Rab8 15.
Rad1 Bf8 16. Bf2 Bc8 17. Bh4 Nd7 18. f5 Nde5 19. Bh5 b5 20. axb5 axb5 21. Ne2
exf5 22. exf5 Nc4 23. Qc3 Ne3 24. Nbd4 Bb7 25. Nxb5 Qd7 26. Qd2 Nb4 27. Rf4
Nxg2 28. Rxb4 Nxh4+ 29. Kg1 Nf3+ 30. Bxf3 Bxf3 31. Nbd4 Rxb4 32. Nxf3 Qxf5 33.
Ned4 Qg6+ 34. Kf2 Rxb2 35. Rg1 Qf6 36. Rg4 d5 37. Rf4 Qb6 38. Kg2 Qg6+ 39. Kh3
Re4 0-1

[Event "CRO-ch 10th"]
[Site "Otocac"]
[Date "2010.01.28"]
[Round "11.2"]
[White "Jankovic, Alojzije"]
[Black "Saric, Ivan"]
[Result "1/2-1/2"]
[WhiteElo "2541"]
[BlackElo "2586"]
[PlyCount "26"]
[EventDate "2010.01.18"]
[EventRounds "11"]
[EventCountry "CRO"]
[EventCategory "13"]
[Source "Mirjana Medic"]
[SourceDate "2010.01.18"]

1. d4 Nf6 2. Nf3 g6 3. c4 Bg7 4. g3 O-O 5. Bg2 c6 6. Nc3 d5 7. cxd5 cxd5 8. Ne5
e6 9. Bg5 Qb6 10. Qd2 Nfd7 11. Nf3 Nc6 12. Rd1 Nf6 13. O-O Re8 1/2-1/2

[Event "CRO-ch 10th"]
[Site "Otocac"]
[Date "2010.01.28"]
[Round "11.3"]
[White "Sulava, Nenad"]
[Black "Kozul, Zdenko"]
[Result "1/2-1/2"]
[WhiteElo "2539"]
[BlackElo "2617"]
[PlyCount "84"]
[EventDate "2010.01.18"]
[EventRounds "11"]
[EventCountry "CRO"]
[EventCategory "13"]
[Source "Mirjana Medic"]
[SourceDate "2010.01.18"]

1. d4 Nf6 2. c4 g6 3. Nc3 Bg7 4. e4 d6 5. Nf3 O-O 6. Be3 c6 7. Be2 Nbd7 8. O-O
e5 9. d5 c5 10. Kh1 Qe7 11. Bg5 h6 12. Bd2 Nh7 13. g3 Ndf6 14. Nh4 Ng5 15. Bd3
Nh3 16. Qe2 Bg4 17. f3 Bd7 18. Rae1 Nh5 19. Ng2 Rae8 20. Ne3 f5 21. exf5 N5f4
22. gxf4 Nxf4 23. f6 Bxf6 24. Nf5 gxf5 25. Rg1+ Kh8 26. Bxf4 exf4 27. Qxe7 Bxe7
28. Ne2 Bg5 29. Rd1 Rg8 30. h4 Bxh4 31. Nxf4 Rxg1+ 32. Rxg1 Bg5 33. Ne6 Bxe6
34. dxe6 Rxe6 35. Bxf5 Re3 36. Be4 Kg7 37. Bxb7 Kf6 38. Kh2 h5 39. Kg3 Ke5 40.
Rh1 h4+ 41. Kg4 Be7 42. Rh2 Ke6 1/2-1/2

[Event "CRO-ch 10th"]
[Site "Otocac"]
[Date "2010.01.28"]
[Round "11.4"]
[White "Martinovic, Sasa"]
[Black "Jovanic, Ognjen"]
[Result "1/2-1/2"]
[WhiteElo "2499"]
[BlackElo "2533"]
[PlyCount "67"]
[EventDate "2010.01.18"]
[EventRounds "11"]
[EventCountry "CRO"]
[EventCategory "13"]
[Source "Mirjana Medic"]
[SourceDate "2010.01.18"]

1. Nf3 d5 2. g3 Nf6 3. Bg2 Bf5 4. d3 e6 5. O-O Be7 6. Nbd2 h6 7. Qe1 Bh7 8. e4
O-O 9. Ne5 Re8 10. f4 c5 11. Kh1 Qc7 12. b3 Nc6 13. Nxc6 Qxc6 14. Bb2 Rad8 15.
a4 Qc7 16. Qe2 b6 17. Rad1 dxe4 18. dxe4 Rd7 19. g4 Red8 20. Be5 Qc8 21. f5 Ne8
22. Bf4 Kh8 23. Rf3 exf5 24. gxf5 f6 25. Rg1 Bd6 26. Be3 Bf8 27. Rg3 Bd6 28.
Rh3 Qc7 29. Qg4 Be5 30. Nf3 Bd4 31. Bf4 Be5 32. Be3 Bd4 33. Bf4 Be5 34. Be3
1/2-1/2

[Event "CRO-ch 10th"]
[Site "Otocac"]
[Date "2010.01.28"]
[Round "11.5"]
[White "Stevic, Hrvoje"]
[Black "Brkic, Ante"]
[Result "1/2-1/2"]
[WhiteElo "2614"]
[BlackElo "2564"]
[PlyCount "42"]
[EventDate "2010.01.18"]
[EventRounds "11"]
[EventCountry "CRO"]
[EventCategory "13"]
[Source "Mirjana Medic"]
[SourceDate "2010.01.18"]

1. e4 e5 2. Nf3 Nc6 3. Bb5 a6 4. Ba4 Nf6 5. O-O Be7 6. Re1 b5 7. Bb3 O-O 8. c3
d6 9. d4 Bg4 10. Be3 d5 11. exd5 exd4 12. Bxd4 Nxd4 13. cxd4 Re8 14. h3 Bxf3
15. Qxf3 Bd6 16. Nc3 Rxe1+ 17. Rxe1 g6 18. a4 Rb8 19. axb5 axb5 20. Ne4 Nxe4
21. Qxe4 Qf6 1/2-1/2